00414nam a2200169Ia 4500003000400000005001700004008004100021040000700062041000800069082001700077100002200094245005400116260003400170365001200204650001400216650001400230OSt20230608100650.0210423s2004 xx 000 0 und d cAL aeng a330 VARI223 aVARMA (Jayanth R) aIndian financial sector after a decade of reforms bCentr for social actionc2004 b50cINR aEconomics aEconomics